A carregar...

Brain magnetic resonance image classification usingmultiple instance learning and tumor segmentationbased on watershed algorithms

Detalhes bibliográficos
Autor principal: Benson C C
Formato: Electronic Thesis
Idioma:English
Assuntos:
Acesso em linha:http://hdl.handle.net/10603/213810
LEADER 00592nam a2200169Ia 4500
001 215751
008 190202t ii ||||fom||| 00| 0 eng d
100 |a Benson C C 
245 |a Brain magnetic resonance image classification usingmultiple instance learning and tumor segmentationbased on watershed algorithms 
502 |a Thesis (Ph. D.) -- Department of Computer Science, University of Calicut, 
546 |a English 
653 |a Watershed algorithms 
653 |a Watershed algorithms 
796 |a Lajish V L 
856 |u http://hdl.handle.net/10603/213810 
952 |a ON  |c ETD  |y ETD 
999 |c etd215751